000
00494nam a2200181Ia 4500
008
090123s9999 xx 000 0 und d
082
_b
39746
100
_a
पांडे शैलेश
245
_a
पारुल
250
_a
1
260
_b
कौस्तुभ प्रकाशन
_c
2006
300
_a
97
600
_a
पांडे शैलेश
630
_a
पारुल
700
_a
पांडे शैलेश
730
_a
पारुल
942
_c
BOOK
999
_c
77818
_d
77818